00475nam a2200133 a 4500008004100000050001700041110005500058245006600113246008600179260003500265300001500300350000900315650001700324071204s2006 ||||||||||||||||| || u aUNO(058)RHRC aUnited Nations Economic and Social Affairs (UNESA)10aUnited Nations report of the Human Rights Committee, volume 1 aGeneral Assembly Official Records fifty-ninth session supplement no. 40 (A/59/40) aNew YorkbUNITED NATIONSc2006 axiv, 192p. a0.00 0aHUMAN RIGHTS